000 00329nam a2200133Ia 4500
008 240624s9999 xx 000 0 und d
041 _aeng
082 _a303.48 SUN
100 _aSUNSTEIN R CASS
245 _aREPUBLIC
260 _c2017
_aUSA
_bPrinceton University Press
300 _axi, : 310 p. : cm. : 23.
365 _c
_b33
999 _c32736
_d32736